000 00339nas a2200157 a 4500
001 56120
003 127100
005 20201118103159.0
008 ||||||n9999 ||| || ||
041 _aspa
245 0 _aCambio - No.272
260 _aBogotá :
_bInrevisa,
_c1998.
562 _e1
773 _055190
_aCambio
942 _cSISS
999 _c56120
_d56120